| 000 | 00361nam a2200145Ia 4500 | ||
|---|---|---|---|
| 008 | 230917s9999||||xx |||||||||||||| ||und|| | ||
| 040 |
_e86348 _aMAIN |
||
| 041 | _aEnglish | ||
| 082 | _a005.74 D451A | ||
| 100 | _aDesai, Bipin C | ||
| 245 | 0 | _aIntroduction to database system | |
| 260 |
_aNew Delhi _bGalgotia _c2002 |
||
| 300 | _axviii, 820 p. | ||
| 942 | _cBK | ||
| 999 |
_c114248 _d114248 |
||